LDR 00794naa#a2200229#i#450# 001 EN\\bibl\120508 005 20260416091013.4 011 ## _a1019-8946 100 ## _a20260410b2026####ek#y0engy0150####ca 101 0# _aRUS 102 ## _aRU 200 1# _aMembrane Cleaning Protocols for Liquid Polydisperse Milk-Protein Systems with Lactulose _eJournal article 210 1# _aKemerovo _cKemerovo State University _d2026 215 ## _a12 с. 608 ## _aJournal article _2local 675 ## _aСельское хозяйство. Лесное хозяйство. Охота. Рыбное хозяйство. 63 _zRUS 700 #1 _aEvdokimov _gIvan A. 700 #1 _aMamay _gAngelina V. 700 #1 _aBabenyshev _gSergey P. 700 #1 _aLodygin _gAlexei D. 700 #1 _aMamay _gDmitry S. 856 4# _avestnik-hss.kemsu.ru _u